Combustion / (Record no. 597911)

000 -LEADER
fixed length control field 00300nam a2200121Ia 4500
008 - FIXED-LENGTH DATA ELEMENTS--GENERAL INFORMATION
fixed length control field 230907s9999||||xx |||||||||||||| ||und||
082 ## - DEWEY DECIMAL CLASSIFICATION NUMBER
Classification number 541.361
Author Mark GLA
100 ## - MAIN ENTRY--PERSONAL NAME
Personal name Glassman, Irvin,
245 #0 - TITLE STATEMENT
Title Combustion /
260 ## - PUBLICATION, DISTRIBUTION, ETC.
Place of publication, distribution, etc. Academic Press,
Name of publisher, distributor, etc. Oxford :
Date of publication, distribution, etc. 2015
300 ## - PHYSICAL DESCRIPTION
Extent xv, 757 pages :
942 ## - ADDED ENTRY ELEMENTS (KOHA)
Koha item type Book
Holdings
Withdrawn status Lost status Damaged status Not for loan Permanent Location Current Location Date acquired Total Checkouts Full call number Barcode Checked out Date last seen Date last checked out Price effective from Koha item type
        US-Pakistan Center for Advanced Studies in Energy (USPCAS-E) US-Pakistan Center for Advanced Studies in Energy (USPCAS-E) 05/25/2018 1 541.361 GLA CAS-E0002010 04/14/2026 12/15/2025 12/15/2025 09/12/2023 Book
© 2023 Central Library, National University of Sciences and Technology. All Rights Reserved.